[Event "XL CIS Master"]
[Site "Arvier ITA"]
[Date "2008.05.02"]
[Round "4"]
[White "Shytaj, Luca"]
[Black "Romero Holmes, Alfonso"]
[Result "1/2-1/2"]
[WhiteElo "2467"]
[BlackElo "2529"]
[PlyCount "41"]
[EventDate "2008.05.01"]
[Source "www.chesslib.no"]
[SourceDate "2004.05.04"]

1. e4 e6 2. d4 d5 3. Nc3 Bb4 4. Nge2 dxe4 5. a3 Be7 6. Nxe4 Nf6 7. N2g3 O-O 8. c3 Nbd7 9. Bd3 e5 10. O-O exd4 11. cxd4 Nxe4 12. Bxe4 Nf6 13. Bc2 Be6 14. Bf4 Qd7 15. Qd3 g6 16. Rfe1 Rfe8 17. Rad1 Nd5 18. Bh6 f5 19. Qd2 Bf6 20. Bg5 Bg7 21. Bh6 1/2-1/2

[Event "zt 2.5 men"]
[Site "Asuncion"]
[Date "2003.09.18"]
[Round "5"]
[White "Campora, Daniel Hugo"]
[Black "Rodriguez, Andres"]
[Result "1-0"]
[WhiteElo "2510"]
[BlackElo "2485"]
[PlyCount "38"]
[EventDate "2003.09.13"]
[Source "Roberto Alvarez"]
[SourceDate "2003.09.29"]

1. e4 e6 2. d4 d5 3. Nc3 Bb4 4. Nge2 b6 5. a3 Be7 6. g3 dxe4 7. Nxe4 Bb7 8. Bg2 Qc8 9. O-O Nf6 10. Nxf6+ Bxf6 11. d5 O-O 12. Nf4 e5 13. Nh5 Be7 14. Nxg7 Kxg7 15. Qh5 Nd7 16. Bh6+ Kh8 17. Bxf8 Bxf8 18. Qxf7 Qe8 19. Qf5 Bd6 1-0

[Event "HUN"]
[Site "HUN"]
[Date "1982.??.??"]
[Round "?"]
[White "Sax, Gyula"]
[Black "Barczay, Laszlo"]
[Result "1/2-1/2"]
[WhiteElo "2550"]
[BlackElo "2445"]
[PlyCount "27"]
[EventDate "1982.??.??"]
[Source "www.chesslib.no"]
[SourceDate "2004.05.04"]

1. e4 e6 2. d4 d5 3. Nc3 Bb4 4. Nge2 dxe4 5. a3 Bxc3+ 6. Nxc3 Nc6 7. Bb5 Nge7 8. Bg5 f6 9. Be3 O-O 10. Qd2 e5 11. d5 Nd4 12. Bxd4 exd4 13. Qxd4 Nf5 14. Qc5 1/2-1/2

[Event "Open"]
[Site "?"]
[Date "2000.08.28"]
[Round "6"]
[White "Perez Rodney"]
[Black "Moreno Carnero Javier"]
[Result "1/2-1/2"]
[WhiteElo "2478"]
[BlackElo "2515"]
[PlyCount "66"]
[EventDate "2000.??.??"]
[Source "www.chesslib.no"]
[SourceDate "2004.05.04"]

1. e4 e6 2. d4 d5 3. Nc3 Bb4 4. Nge2 Nc6 5. a3 Ba5 6. b4 Bb6 7. b5 Na5 8. exd5 exd5 9. Ng3 Ne7 10. Na4 O-O 11. Nxb6 axb6 12. Bd3 f5 13. Qh5 Ng6 14. O-O Qf6 15. Ne2 Bd7 16. Bg5 Qd6 17. Bd2 Rf7 18. Bb4 Qf6 19. Qf3 c6 20. Bxa5 Rxa5 21. Rab1 f4 22. bxc6 Bxc6 23. Qh5 Rxa3 24. Rxb6 f3 25. gxf3 Re7 26. Ng3 Qxd4 27. Rxc6 bxc6 28. Nf5 Qf6 29. Nxe7+ Qxe7 30. Bxg6 hxg6 31. Qxg6 Qf6 32. Qxf6 gxf6 33. Re1 Rc3 1/2-1/2

[Event "RUS Cup final 6th"]
[Site "?"]
[Date "2002.10.11"]
[Round "7"]
[White "Kazakov Peter"]
[Black "Popov Valerij"]
[Result "1/2-1/2"]
[WhiteElo "2424"]
[BlackElo "2568"]
[PlyCount "92"]
[EventDate "2002.??.??"]
[Source "www.chesslib.no"]
[SourceDate "2004.05.04"]

1. e4 e6 2. d4 d5 3. Nc3 Bb4 4. Nge2 Nf6 5. e5 Nfd7 6. a3 Be7 7. f4 c5 8. Be3 Nc6 9. g3 O-O 10. Qd2 a6 11. Bg2 b5 12. O-O Bb7 13. dxc5 Bxc5 14. Bxc5 Nxc5 15. Nd4 Qb6 16. Rad1 Rac8 17. Kh1 Na4 18. Nxa4 bxa4 19. c3 Nxd4 20. Qxd4 Qb3 21. Rd2 Rc4 22. Qf2 Qb5 23. f5 exf5 24. Qxf5 Bc8 25. Qd3 Bb7 26. e6 fxe6 27. Rxf8+ Kxf8 28. Qxh7 Qb6 29. Rd1 Qxb2 30. Rb1 Qxc3 31. Qh8+ Kf7 32. Rxb7+ Rc7 33. Qh5+ Kg8 34. Rb1 Rc8 35. Rf1 Qe3 36. Qf7+ Kh7 37. h3 Rc3 38. Qh5+ Kg8 39. g4 Rc1 40. Qf7+ Kh7 41. Rxc1 Qxc1+ 42. Kh2 Qxa3 43. Qxe6 Qb2 44. Qf5+ g6 45. Qd7+ Kh6 46. Qxa4 Qe5+ 1/2-1/2

[Event "Bucharest Spring"]
[Site "Bucharest"]
[Date "2001.04.16"]
[Round "11"]
[White "Istratescu, Andrei"]
[Black "Cioara, Andrei Nestor"]
[Result "1-0"]
[WhiteElo "2582"]
[BlackElo "2410"]
[PlyCount "81"]
[EventDate "2001.04.06"]
[Source "ChessBase"]
[SourceDate "2001.07.03"]

1. e4 e6 2. d4 d5 3. Nc3 Bb4 4. Nge2 Nc6 5. e5 f6 6. exf6 Nxf6 7. a3 Ba5 8. f4 O-O 9. g3 Ne4 10. Bg2 Qf6 11. O-O Bxc3 12. Nxc3 Qxd4+ 13. Qxd4 Nxd4 14. Nxe4 Nxc2 15. Rb1 dxe4 16. Bxe4 Nd4 17. Be3 Nb5 18. Bc5 Re8 19. Rbd1 c6 20. Rfe1 Nc7 21. h4 b6 22. Bb4 Nd5 23. Bxd5 cxd5 24. Rxd5 Kf7 25. Rd6 Rb8 26. Rc1 Rb7 27. Rdc6 Bd7 28. Rc7 Reb8 29. Bd6 Ke8 30. h5 Kd8 31. R1c3 Ke8 32. Be5 g6 33. h6 Rxc7 34. Rxc7 Ra8 35. a4 a6 36. b4 b5 37. a5 Rc8 38. Ra7 Rc6 39. Kh2 Ke7 40. Kh3 Rc4 41. Rxa6 1-0